• 首页
  • 本馆介绍
  • 公告通知
  • 最新文献
  • 馆藏检索
  • 电子资源
  • 读者导购
  • 参考咨询
  • 我的图书馆
  • 登录
  • 详细信息显示
  • 放入我的书架
  • 预约/预借图书
  • 作者相关作品
  • 分类相关作品
  • 丛书相关作品
  • 出版社相关作品

书目信息

  • 表格格式
  • 工作单格式
  • 卡片格式
题名:
文献中的百年党史1921-2021
    
 
作者: 李颖 著
分册:  
出版信息: 上海   学林出版社  2020年
页数: 547页
开本: 26cm
丛书名:
单 册:
中图分类: D23
科图分类:
主题词: 中国共产党
电子资源:
ISBN: 978-7-5486-1678-8
000 00538nam0 2200181 45
001 2653355362
005 20260408145102.93
010    @a978-7-5486-1678-8@dCNY98.00
100    @a20211128d km y0chiy0120 ea
101 0  @achi
200 1  @a文献中的百年党史1921-2021@AWen Xian Zhong De Bai Nian Dang Shi 1921-2021@f李颖著@FLi Ying Zhu
210    @a上海@c学林出版社@d2020年
215    @a547页@d26cm
606 0  @a中国共产党
690    @aD23@v4
701  0 @a李颖@ALi Ying@4著
801  0 @aCN@bPFT@c20211128
905    @a213230@b6201550@dD23@e334@f1
    
    文献中的百年党史1921-2021/李颖著.-上海:学林出版社,2020年
    547页;26cm
    
    
    ISBN 978-7-5486-1678-8:CNY98.00
    
●
相关链接 在E读中查询图书 在五车中查询图书 在当当中查询图书 在豆瓣中查询图书


正题名:文献中的百年党史1921-2021     索取号:D23/334         预约/预借

序号 登录号 条形码 馆藏地/架位号 状态 备注
1 1442441   214424416   第一样本阅览室/ [索取号:D23/334] 在馆    
唐山师范学院图书馆 欢迎您!
大连网信软件有限公司© 版权所有